1826 1862 1966 1664 1749 1050 1602 1782 1414 1449 1630 1388 1755 1318 1972 1329 1243 1310 1468 1209 1933 1659 1289 1021 1064 1812 1510 1558 1200 1186 1105 1970 1706 1558 1254 1390 1025 1721 1490 1016 1213 1249 1027 1988 1683 1400 1690 1136 1650 1570 1460 1090 1009 1800 1554 1053 1645 1490 1109 1902 1652 1580 1672 1738 1411 1225 1267 1357 1127 1775 1974 1449 1130 1291 1417 1032 1494 1411 1329 1487 1455 1611 1028 1998 1124 1839 1601 1717 1225 1972 1200 1712 1616 1861 1270 1684 1060 1447 1262 BCNSPRNW ULIB Ver.6.0+V

เปลี่ยนเป็นภาษาไทย

Change to English
 แสดงรายละเอียดบรรณานุกรม
  กลับหน้าหลัก

Brief Record : Get Marc (ISO 2709) : E-mail record : QR code < ปิดหน้าต่าง
LEADER : 00000nam 2200000uu 4500
001    13399126625
003     ULIB
008    020711s2561 th a 000 0 tha d
020    ^a9786169316206
060    ^aWR140^bร925S
110    ^aโรงพยาบาลผิวหนัง อโศก
245    ^aSKIN BIBLE/^cโรงพยาบาลผิวหนัง อโศก
260    ^aกรุงเทพฯ :^bบริษัท ซุปเปอร์พิกเซล จำกัด,^c2561
300    ^a241 หน้า;^b21 ซม.
650    ^aผิวหนัง^xโรค
945    ^p349^l0^i004960
945    ^p349^l0^i004958
945    ^p349^l0^i004959
999    ^aประนอม เกษจรัล
รายการนี้ยังไม่มีแท็ก
คุณยังไม่ได้ล็อกอิน คุณสามารถมีกิจกรรมร่วมกับเว็บไซต์ได้ แต่ต้องล็อกอินก่อน ::
  ล็อกอิน

รายการสื่อสารสนเทศ

ลำดับที่ ประเภท เลขเรียก/บาร์โค้ด สถานที่ สถานะ
1. วิทยาศาสตร์การแพทย์ และสุขภาพ
หนังสือสำรอง
สถานะ=หนังสือสำรอง
WR140 ร925S ฉ.1 
  Barcode: 004958
ห้องสมุดวิทยาเขตสวรรค์ประชารักษ์
►หนังสือทั่วไป
บนชั้น
2. วิทยาศาสตร์การแพทย์ และสุขภาพ
วิทยาศาสตร์การแพทย์ และสุขภาพ
WR140 ร925S ฉ.2 
  Barcode: 004959
ห้องสมุดวิทยาเขตสวรรค์ประชารักษ์
►หนังสือทั่วไป
บนชั้น
3. วิทยาศาสตร์การแพทย์ และสุขภาพ
วิทยาศาสตร์การแพทย์ และสุขภาพ
WR140 ร925S ฉ.3 
  Barcode: 004960
ห้องสมุดวิทยาเขตสวรรค์ประชารักษ์
►หนังสือทั่วไป
บนชั้น

BibComment


ยังไม่เคยถูกคอมเมนท์

คอมเมนท์ทรัพยากรรายการนี้
  คอมเมนท์: SKIN BIBLE โรงพย..


 Copyright 2026. Bcnsprnw @Library